Szczegóły MARC21

Doświadczenia /

005 -DATA I CZAS OSTATNIEJ MODYFIKACJI [,]
    • @
    • pole kontrolne
    • 20070315155141.9
020 -Międzynarod. znormalizowany nr książki - ISBN [ , ]
    • a
    • Numer ISBN
    • 8385165487 Find
040 -Instytucja sporządzająca opis [ , ]
    • a
    • Instytucja, która sporządziła opis (NP)
    • SZCZ U
    • c
    • Instytucja, która sporządziła rekord (NP)
    • SZCZ U
041 -Język dokumentu [1, ]
    • a
    • Język tekstu (P)
    • polski
    • h
    • Język tekstu oryginalnego i/lub pośredniego (P)
    • angielski
942 -Rodzaj dokumentu [ , ]
    • c
    • Rodzaj dokumentu
    • Książka
245 -Strefa tytułu i oznaczenia odpowiedzialności [0, ]
    • a
    • Tytuł
    • Doświadczenia / Find
    • c
    • Pozostałe elementy strefy tytułu i oznaczenia odpowiedzialności (NP)
    • il.Maggie Swanson.
260 -Strefa adresu wydawniczego [ , ]
    • a
    • Miejsce wydania (P)
    • Poznań :
    • b
    • Nazwa wydawcy (P)
    • Podsiedlik-Raniowski i Spółka,
    • c
    • Data wydania (P)
    • 1992.
300 -Strefa opisu fizycznego [ , ]
    • a
    • Określenie formy książki i/lub objętość (NP)
    • 32 s. :
    • b
    • Oznaczenie ilustracji (NP)
    • rys. :
    • c
    • Format (NP)
    • 28 cm +
    • e
    • Oznaczenie dokumentu towarzyszącego (NP)
    • tabl.
500 -Uwaga ogólna [ , ]
    • a
    • Uwaga ogólna (NP)
    • Tł.z jęz.ang. - Tabl.wpięta w ciąg kart
080 -Uniwersalna Klasyfikacja Dziesiętna [ , ]
    • a
    • Symbol klasyfikacji
    • 372.3
980 -Symbol UKD [ , ]
    • a
    • UKD
    • 372.3
700 -Hasło dodatkowe - nazwa osobowa [ , ]
    • a
    • Nazwa osobowa (NP)
    • Swanson Maggie Find
    • d
    • Daty biograficzne (NP)
    • il.
920 -ISBN [ , ]
    • a
    • ISBN
    • 83-85165-48-7 Find
Numer inwentarzowy Status udost. Data inwentaryzacji Lokalizacja
Pd.677911994-03-31BG